[Event "Olympiad Women-40"]
[Site "Istanbul"]
[Date "2012.09.04"]
[Round "7.1"]
[White "Melnik, Galina Ivanovna"]
[Black "Greeff, Melissa"]
[Result "0-1"]
[WhiteElo "1999"]
[BlackElo "2091"]
[PlyCount "86"]
[EventDate "2012.08.28"]
[EventType "team-swiss"]
[EventRounds "11"]
[EventCountry "TUR"]
[SourceTitle "CBM 150 Extra"]
[Source "ChessBase"]
[SourceDate "2012.10.19"]
[SourceVersion "1"]
[SourceVersionDate "2012.10.19"]
[SourceQuality "1"]
[WhiteTeam "IPCA (W)"]
[BlackTeam "South Africa (W)"]
[BlackTeamCountry "RSA"]

1. d4 Nf6 2. Nf3 e6 3. c4 Bb4+ 4. Bd2 Qe7 5. a3 Bxd2+ 6. Qxd2 d6 7. Nc3 0-0 8. e4 e5 9. d5 a5 10. Be2 Na6 11. Qc2 Bd7 12. Nd2 Ne8 13. 0-0 Qg5 14. Qd1 f5 15. exf5 Bxf5 16. Nce4 Qg6 17. Bh5 Qh6 18. b4 Nf6 19. Nxf6+ Qxf6 20. Qe2 axb4 21. Bg4 bxa3 22. Rxa3 Nc5 23. Rxa8 Rxa8 24. Bxf5 Qxf5 25. Qe3 Qd3 26. Qxd3 Nxd3 27. f3 Ra2 28. Rd1 Rc2 29. Ne4 Nb2 30. Rd2 Rc1+ 31. Kf2 Nxc4 32. Ra2 h6 33. Ra7 Rc2+ 34. Kg3 Ne3 35. Rxb7 Nxd5 36. Rb8+ Kf7 37. Rc8 Nf4 38. Nf2 g5 39. Rh8 h5 40. Rc8 h4+ 41. Kg4 Rxf2 42. Kf5 Ne6 43. Rh8 Rxg2 0-1

[Event "Olympiad Women-40"]
[Site "Istanbul"]
[Date "2012.08.31"]
[Round "4.1"]
[White "Koskoska, Gabriela"]
[Black "Greeff, Melissa"]
[Result "1/2-1/2"]
[WhiteElo "2094"]
[BlackElo "2091"]
[PlyCount "81"]
[EventDate "2012.08.28"]
[EventType "team-swiss"]
[EventRounds "11"]
[EventCountry "TUR"]
[SourceTitle "CBM 150 Extra"]
[Source "ChessBase"]
[SourceDate "2012.10.19"]
[SourceVersion "1"]
[SourceVersionDate "2012.10.19"]
[SourceQuality "1"]
[WhiteTeam "Macedonia (W)"]
[BlackTeam "South Africa (W)"]
[WhiteTeamCountry "MKD"]
[BlackTeamCountry "RSA"]

1. Nf3 d5 2. c4 c6 3. b3 Nf6 4. Bb2 Bg4 5. Ne5 Bh5 6. d4 Nbd7 7. Nd2 e6 8. g3 Qc7 9. Nd3 Be7 10. Bg2 0-0 11. 0-0 a5 12. Nf4 Bg6 13. Rc1 Qb8 14. Nxg6 hxg6 15. Nf3 a4 16. Qc2 Qc7 17. Ne5 axb3 18. axb3 Ra2 19. Ra1 Rfa8 20. Nd3 Rxa1 21. Rxa1 Rxa1+ 22. Bxa1 Qa5 23. Bc3 Qa6 24. c5 Ne8 25. Bf1 Qa7 26. b4 Nc7 27. e3 Nb5 28. Nc1 Bf6 29. f4 Be7 30. Be1 Nc7 31. Bd3 f5 32. Qa2 Qxa2 33. Nxa2 Nf6 34. Nc1 Nb5 35. Nb3 Bd8 36. Bxb5 cxb5 37. Na5 Bxa5 38. bxa5 Ne8 39. Kf1 Nc7 40. Ke2 Kf7 41. Kd3 1/2-1/2

[Event "Africa-ch playoff (Women)"]
[Site "Maputo"]
[Date "2011.06.13"]
[Round "2"]
[White "Greeff, Melissa"]
[Black "Bouah, Denise"]
[Result "1-0"]
[WhiteElo "2080"]
[BlackElo "1920"]
[PlyCount "113"]
[EventDate "2011.06.13"]
[EventType "match (rapid)"]
[EventRounds "2"]
[EventCountry "MOZ"]
[SourceTitle "CBM 142 Extra"]
[Source "ChessBase"]
[SourceDate "2011.06.27"]
[SourceVersion "1"]
[SourceVersionDate "2011.06.27"]
[SourceQuality "1"]

1. e4 c5 2. Nf3 d6 3. d4 cxd4 4. Nxd4 Nf6 5. Nc3 Nc6 6. Be3 e5 7. Nb3 Be7 8. Be2 a5 9. a4 Be6 10. 0-0 0-0 11. Nd2 d5 12. exd5 Nxd5 13. Nxd5 Bxd5 14. Nc4 Be6 15. Bb6 Qb8 16. Ne3 Qd6 17. Qxd6 Bxd6 18. Nc4 Be7 19. Rad1 Rfc8 20. Nd6 Bxd6 21. Rxd6 Nd4 22. Bxd4 exd4 23. Bd3 Rd8 24. Rxd8+ Rxd8 25. Be4 b6 26. Re1 g6 27. f4 Bc4 28. b3 Ba6 29. Kf2 Kf8 30. g4 Kg7 31. h4 Bc8 32. g5 h6 33. Bd3 Be6 34. Kg3 hxg5 35. fxg5 Kf8 36. Rh1 Rc8 37. Kf4 Bd5 38. Re1 Rc6 39. Re5 Be6 40. Re4 Rd6 41. Re1 Rd8 42. Rh1 Bd5 43. Re1 Be6 44. Rh1 Ke7 45. h5 gxh5 46. Rxh5 Rc8 47. Rh2 Kd6 48. Be4 Rc3 49. Rd2 Kc5 50. Bd3 Kb4 51. Be4 Rh3 52. Rxd4+ Kc3 53. Rd6 Rh4+ 54. Ke5 Bxb3 55. cxb3 Kxb3 56. Bc6 Kb4 57. Rd4+ 1-0

[Event "Africa-ch (Women)"]
[Site "Maputo"]
[Date "2011.06.07"]
[Round "4"]
[White "Greeff, Melissa"]
[Black "Wafa, Shrook"]
[Result "0-1"]
[WhiteElo "2080"]
[BlackElo "1768"]
[PlyCount "118"]
[EventDate "2011.06.03"]
[EventType "swiss"]
[EventRounds "9"]
[EventCountry "MOZ"]
[SourceTitle "CBM 142 Extra"]
[Source "ChessBase"]
[SourceDate "2011.06.27"]
[SourceVersion "1"]
[SourceVersionDate "2011.06.27"]
[SourceQuality "1"]

1. e4 c5 2. Nf3 Nc6 3. Bb5 g6 4. Bxc6 dxc6 5. h3 Bg7 6. d3 e5 7. Be3 b6 8. g4 h6 9. Nc3 Ne7 10. Qd2 Be6 11. Ne2 Qd7 12. Qc3 Qc7 13. Ng3 0-0-0 14. a4 a5 15. Nd2 f5 16. gxf5 gxf5 17. Nh5 Bf8 18. f4 Bf7 19. Ng3 exf4 20. Qxh8 fxe3 21. Ndf1 f4 22. Ne2 f3 23. Nxe3 fxe2 24. Kxe2 Qg3 25. Qf6 Bh5+ 26. Kd2 Bg7 27. Qxe7 Qf2+ 28. Kc1 Qxe3+ 29. Kb1 Qd4 30. Ra2 Rd7 31. Qe6 Kc7 32. Qc4 Bf7 33. Qxd4 Bxa2+ 34. Kxa2 Rxd4 35. b3 b5 36. Rg1 Be5 37. axb5 cxb5 38. Rg6 Bf4 39. Rg7+ Rd7 40. Rg6 Kb7 41. Rf6 Bg5 42. Rg6 Rf7 43. h4 Be3 44. e5 Re7 45. e6 Kc7 46. c3 Kd6 47. Rg8 Rxe6 48. Ra8 b4 49. Kb2 Bd2 50. Ra6+ Ke7 51. Ra7+ Kf6 52. c4 Bc3+ 53. Kc2 Re2+ 54. Kc1 Rh2 55. Rxa5 Bd4 56. Ra6+ Kg7 57. Ra7+ Kg6 58. Ra6+ Kh5 59. Kd1 Rxh4 0-1

[Event "Africa-ch (Women)"]
[Site "Maputo"]
[Date "2011.06.06"]
[Round "3"]
[White "Mezioud, Amina"]
[Black "Greeff, Melissa"]
[Result "1-0"]
[WhiteElo "2037"]
[BlackElo "2080"]
[PlyCount "137"]
[EventDate "2011.06.03"]
[EventType "swiss"]
[EventRounds "9"]
[EventCountry "MOZ"]
[SourceTitle "CBM 142 Extra"]
[Source "ChessBase"]
[SourceDate "2011.06.27"]
[SourceVersion "1"]
[SourceVersionDate "2011.06.27"]
[SourceQuality "1"]

1. e4 c5 2. c3 g6 3. d4 cxd4 4. cxd4 d5 5. exd5 Nf6 6. Nc3 Nxd5 7. Bc4 Nb6 8. Bb3 Bg7 9. Nf3 0-0 10. Be3 Nc6 11. h3 Na5 12. Bc2 Be6 13. 0-0 Rc8 14. Ng5 Bd5 15. Re1 h6 16. Nf3 Nac4 17. Nxd5 Nxd5 18. Bc1 Qc7 19. Bb3 Rfd8 20. Qe2 e6 21. Be3 Na5 22. Rac1 Qd6 23. Bc2 Nc6 24. Red1 Qb4 25. Bb1 Nxd4 26. Nxd4 Rxc1 27. Bxc1 Bxd4 28. Bxh6 Qxb2 29. Qf3 Qb6 30. Bc2 Nc3 31. Rd2 Nxa2 32. Be4 Nc3 33. Bxb7 Qb1+ 34. Kh2 Qf5 35. Rxd4 Qe5+ 36. Rf4 Ne2 37. Qe4 Qh5 38. Rh4 Qb5 39. Bc6 Qb8+ 40. g3 Rd4 41. Bf4 Rxe4 42. Bxb8 Rxh4 43. gxh4 Nd4 44. Ba4 Nf5 45. Bg3 Kf8 46. Kg2 Ke7 47. Kf3 f6 48. Kg4 Nh6+ 49. Kf4 e5+ 50. Ke4 Kd6 51. f3 a6 52. Bf2 Ng8 53. Be8 Ne7 54. Bb6 Nd5 55. Bd8 f5+ 56. Kd3 Nf4+ 57. Ke3 Ne6 58. Bg5 f4+ 59. Kf2 a5 60. Bxg6 a4 61. Bb1 a3 62. Bf6 Nd4 63. Ba2 Nf5 64. h5 e4 65. fxe4 Ng3 66. e5+ Kd7 67. h6 Ne4+ 68. Kf3 Nc3 69. e6+ 1-0

[Event "Africa-ch (Women)"]
[Site "Maputo"]
[Date "2011.06.05"]
[Round "2"]
[White "Bouah, Denise"]
[Black "Greeff, Melissa"]
[Result "1-0"]
[WhiteElo "1920"]
[BlackElo "2080"]
[PlyCount "91"]
[EventDate "2011.06.03"]
[EventType "swiss"]
[EventRounds "9"]
[EventCountry "MOZ"]
[SourceTitle "CBM 142 Extra"]
[Source "ChessBase"]
[SourceDate "2011.06.27"]
[SourceVersion "1"]
[SourceVersionDate "2011.06.27"]
[SourceQuality "1"]

1. e4 c5 2. d3 e6 3. g3 Nc6 4. Bg2 g6 5. f4 Bg7 6. Nf3 d6 7. 0-0 Nge7 8. c3 0-0 9. Be3 b5 10. Bf2 Rb8 11. d4 cxd4 12. cxd4 b4 13. Nbd2 a5 14. Re1 Ba6 15. e5 Nc8 16. Ne4 N6e7 17. g4 Nd5 18. Bh4 Qb6 19. Nf6+ Nxf6 20. exf6 Bh8 21. g5 Bc4 22. b3 Bd5 23. Bf2 Na7 24. Nd2 Nb5 25. Bxd5 Nc3 26. Qg4 Nxd5 27. Nc4 Qd8 28. Rad1 h5 29. Qg3 Nc3 30. Ra1 Rc8 31. Qd3 Re8 32. a3 d5 33. Ne5 Ne4 34. axb4 Rc3 35. Qb5 Rxb3 36. Rxa5 Nd6 37. Qa4 Rc3 38. Nc6 Qc7 39. Ne7+ Rxe7 40. fxe7 Qxe7 41. Rxd5 Qf8 42. Ra5 Kh7 43. Qd7 Rf3 44. Rxe6 Nf5 45. Re8 Qg7 46. Raa8 1-0

[Event "Dubai op 13th"]
[Site "Dubai"]
[Date "2011.04.18"]
[Round "9"]
[White "Mirzoeva, Elmira"]
[Black "Greeff, Melissa"]
[Result "1-0"]
[WhiteElo "2272"]
[BlackElo "2080"]
[PlyCount "65"]
[EventDate "2011.04.10"]
[EventType "swiss"]
[EventRounds "9"]
[EventCountry "UAE"]
[SourceTitle "CBM 141 Extra"]
[Source "ChessBase"]
[SourceDate "2011.05.03"]
[SourceVersion "1"]
[SourceVersionDate "2011.05.03"]
[SourceQuality "1"]

1. d4 Nf6 2. Nf3 e6 3. c4 Bb4+ 4. Bd2 Qe7 5. g3 b6 6. Bg2 Bb7 7. 0-0 Bxd2 8. Qxd2 0-0 9. Nc3 Ne4 10. Nxe4 Bxe4 11. Qe3 Bb7 12. d5 Qc5 13. Qd3 h6 14. dxe6 Bc6 15. b4 Qxb4 16. exf7+ Rxf7 17. Ne5 Rf6 18. Bd5+ Kf8 19. Bxc6 Rxc6 20. Nxc6 Nxc6 21. Qxd7 Ne7 22. Rab1 Qxc4 23. Rbc1 Qxa2 24. Rxc7 Qxe2 25. Rxa7 Rxa7 26. Qxa7 b5 27. Qc5 Kg8 28. Rb1 Ng6 29. Qxb5 Qe5 30. Qb7 Qd4 31. Qc8+ Kh7 32. Qf5 Qa7 33. h4 1-0

[Event "Dubai op 13th"]
[Site "Dubai"]
[Date "2011.04.16"]
[Round "6"]
[White "Greeff, Melissa"]
[Black "Sai, Krishna GV"]
[Result "0-1"]
[WhiteElo "2080"]
[BlackElo "2349"]
[PlyCount "88"]
[EventDate "2011.04.10"]
[EventType "swiss"]
[EventRounds "9"]
[EventCountry "UAE"]
[SourceTitle "CBM 141 Extra"]
[Source "ChessBase"]
[SourceDate "2011.05.03"]
[SourceVersion "1"]
[SourceVersionDate "2011.05.03"]
[SourceQuality "1"]

1. e4 c5 2. Nf3 d6 3. d3 Nc6 4. c3 e5 5. g3 g6 6. Bg2 Bg7 7. 0-0 Nge7 8. a3 a5 9. a4 0-0 10. Na3 h6 11. Nd2 f5 12. f4 exf4 13. gxf4 Be6 14. Nb5 Kh7 15. Qe2 Bg8 16. Nf3 Qd7 17. Be3 Rae8 18. Bh3 Qd8 19. Nd2 b6 20. Qf2 Qb8 21. Qg3 Rd8 22. Nf3 Be6 23. Nh4 Bf6 24. Kh1 Qc8 25. Bg2 Rg8 26. Nf3 fxe4 27. dxe4 Rgf8 28. Rfd1 d5 29. exd5 Nxd5 30. Ne5 Nce7 31. Be4 Bxe5 32. fxe5 Nf5 33. Bxf5 Bxf5 34. Kg1 Qe6 35. Re1 Bg4 36. Rf1 Bf5 37. Rfe1 Rde8 38. Nd6 Re7 39. Bd2 Bh3 40. Qh4 g5 41. Qe4+ Kg7 42. Qd3 Nf4 43. Qg3 Nh5 44. Qe3 Qg4+ 0-1

[Event "Olympiad Women-39"]
[Site "Khanty-Mansiysk"]
[Date "2010.09.28"]
[Round "7.41"]
[White "Greeff, Melissa"]
[Black "Koskoska, Gabriela"]
[Result "1/2-1/2"]
[WhiteElo "2079"]
[BlackElo "2142"]
[PlyCount "57"]
[EventDate "2010.09.21"]
[EventType "team-swiss"]
[EventRounds "11"]
[EventCountry "RUS"]
[SourceTitle "CBM 139"]
[Source "ChessBase"]
[SourceDate "2010.11.18"]
[SourceVersion "1"]
[SourceVersionDate "2010.11.18"]
[SourceQuality "1"]
[WhiteTeam "South Africa (W)"]
[BlackTeam "Macedonia (W)"]
[WhiteTeamCountry "RSA"]
[BlackTeamCountry "MKD"]

1. e4 c5 2. Nf3 d6 3. d4 cxd4 4. Nxd4 Nf6 5. f3 Nc6 6. Nb3 d5 7. exd5 Qxd5 8. Qxd5 Nxd5 9. a3 e5 10. c4 Nc7 11. Nc3 Be6 12. Be3 0-0-0 13. Nd2 Be7 14. f4 exf4 15. Bxf4 g5 16. Be3 f5 17. 0-0-0 Bf6 18. c5 Rhe8 19. Bf2 Ne5 20. Nb5 Nxb5 21. Bxb5 Nd3+ 22. Bxd3 Rxd3 23. Nf3 Red8 24. Rxd3 Rxd3 25. Kc2 Rd5 26. Re1 Bf7 27. Nd2 Re5 28. Rxe5 Bxe5 29. Nf3 1/2-1/2

[Event "Olympiad Women-39"]
[Site "Khanty-Mansiysk"]
[Date "2010.09.24"]
[Round "4.50"]
[White "Greeff, Melissa"]
[Black "Soondarsingh, Aditi"]
[Result "1-0"]
[WhiteElo "2079"]
[BlackElo "1829"]
[PlyCount "51"]
[EventDate "2010.09.21"]
[EventType "team-swiss"]
[EventRounds "11"]
[EventCountry "RUS"]
[SourceTitle "CBM 139"]
[Source "ChessBase"]
[SourceDate "2010.11.18"]
[SourceVersion "1"]
[SourceVersionDate "2010.11.18"]
[SourceQuality "1"]
[WhiteTeam "South Africa (W)"]
[BlackTeam "Trinidad and Tobago (W)"]
[WhiteTeamCountry "RSA"]
[BlackTeamCountry "TRI"]

1. e4 c5 2. Nf3 Nc6 3. Bb5 g6 4. Bxc6 dxc6 5. h3 Bg7 6. d3 Nf6 7. Nc3 Qc7 8. Be3 c4 9. dxc4 Be6 10. Qe2 Rd8 11. 0-0 h6 12. Nd4 Bc8 13. Rad1 0-0 14. f4 e5 15. Nb3 exf4 16. Bxf4 Qb6+ 17. c5 Qa6 18. Qe3 Kh7 19. Qf3 Be6 20. Bd6 Rfe8 21. Nd4 Rd7 22. Be5 Rxd4 23. Bxd4 Nh5 24. g4 Bxd4+ 25. Rxd4 Ng7 26. Ra4 1-0

[Event "Olympiad Women-39"]
[Site "Khanty-Mansiysk"]
[Date "2010.09.21"]
[Round "1.11"]
[White "Voiska, Margarita"]
[Black "Greeff, Melissa"]
[Result "1/2-1/2"]
[WhiteElo "2314"]
[BlackElo "2079"]
[PlyCount "155"]
[EventDate "2010.09.21"]
[EventType "team-swiss"]
[EventRounds "11"]
[EventCountry "RUS"]
[SourceTitle "CBM 139"]
[Source "ChessBase"]
[SourceDate "2010.11.18"]
[SourceVersion "1"]
[SourceVersionDate "2010.11.18"]
[SourceQuality "1"]
[WhiteTeam "Bulgaria (W)"]
[BlackTeam "South Africa (W)"]
[WhiteTeamCountry "BUL"]
[BlackTeamCountry "RSA"]

1. d4 Nf6 2. Nf3 e6 3. g3 b6 4. Bg2 Bb7 5. 0-0 d6 6. c4 Be7 7. Nc3 0-0 8. d5 e5 9. Nh4 a5 10. Nf5 Bc8 11. e4 Na6 12. Ne3 Nc5 13. b3 Ne8 14. Rb1 Bg5 15. Qc2 Bxe3 16. Bxe3 f5 17. f4 exf4 18. Rxf4 g6 19. exf5 Bxf5 20. Rbf1 Qe7 21. Qd2 Ng7 22. Bd4 Rae8 23. g4 Bd7 24. Rxf8+ Rxf8 25. Rxf8+ Kxf8 26. h3 g5 27. Qf2+ Qf7 28. Qe3 h6 29. Ne4 Nxe4 30. Bxe4 Ne8 31. Bc3 Nf6 32. Bd3 Qe7 33. Qf3 Kg7 34. Bc2 Qf7 35. Kg2 Bc8 36. Bd4 Bd7 37. Qc3 Qe7 38. Qd3 Kf8 39. Qf3 Kg7 40. Qd3 Kf8 41. Qf1 Kg7 42. Qf2 Bc8 43. Kf1 Bd7 44. Bb1 Qf7 45. Qf3 Qe7 46. Kf2 Qf7 47. Kg3 Qe7 48. Bc3 Kf7 49. Bc2 Qd8 50. a3 Bc8 51. Qd3 Qg8 52. Qf3 Qd8 53. b4 axb4 54. axb4 Bd7 55. Qf2 Bc8 56. Bd4 Qe7 57. Bb1 Bd7 58. Bc3 Bc8 59. Qf3 Bd7 60. Qd3 Kf8 61. Qd4 Kf7 62. Kf3 Bc8 63. Qd3 Kf8 64. Qg6 Ng8 65. Bf5 Bxf5 66. gxf5 Qf7 67. Qe6 Qh5+ 68. Kg2 g4 69. Qc8+ Kf7 70. Qe6+ Kf8 71. Qc8+ Kf7 72. Qd7+ Ne7 73. Qe6+ Kf8 74. Bg7+ Ke8 75. f6 Qxh3+ 76. Kg1 Qg3+ 77. Kh1 Qf3+ 78. Kg1 1/2-1/2

[Event "Zalakaros op 29th"]
[Site "Zalakaros"]
[Date "2010.06.02"]
[Round "8"]
[White "Greeff, Melissa"]
[Black "Kozak, Milos"]
[Result "0-1"]
[WhiteElo "2075"]
[BlackElo "2184"]
[PlyCount "68"]
[EventDate "2010.05.26"]
[EventType "swiss"]
[EventRounds "9"]
[EventCountry "HUN"]
[SourceTitle "CBM 136 Extra"]
[Source "ChessBase"]
[SourceDate "2010.07.02"]
[SourceVersion "2"]
[SourceVersionDate "2010.07.15"]
[SourceQuality "1"]

1. e4 c6 2. d4 d5 3. exd5 cxd5 4. c4 Nf6 5. Nc3 g6 6. Qb3 Bg7 7. cxd5 0-0 8. Be2 Na6 9. Bf3 Qb6 10. Nge2 Qxb3 11. axb3 Nb4 12. 0-0 Rd8 13. Ra5 a6 14. Bf4 Bg4 15. Bxg4 Nxg4 16. h3 Nf6 17. d6 exd6 18. Bg5 Rd7 19. Bxf6 Bxf6 20. Nd5 Bd8 21. Nec3 Bxa5 22. Nf6+ Kf8 23. Nxd7+ Ke7 24. Ra1 Bd8 25. Ra4 a5 26. Nb6 Bxb6 27. Rxb4 axb4 28. Nd5+ Ke6 29. Nxb6 Ra1+ 30. Kh2 Rd1 31. d5+ Rxd5 32. Nxd5 Kxd5 33. Kg3 Ke4 34. Kg4 f6 0-1

[Event "Zalakaros op 29th"]
[Site "Zalakaros"]
[Date "2010.05.30"]
[Round "5"]
[White "Greeff, Melissa"]
[Black "Boronyak, Arpad"]
[Result "0-1"]
[WhiteElo "2075"]
[BlackElo "2224"]
[PlyCount "140"]
[EventDate "2010.05.26"]
[EventType "swiss"]
[EventRounds "9"]
[EventCountry "HUN"]
[SourceTitle "CBM 136 Extra"]
[Source "ChessBase"]
[SourceDate "2010.07.02"]
[SourceVersion "2"]
[SourceVersionDate "2010.07.15"]
[SourceQuality "1"]

1. e4 c5 2. Nf3 e6 3. c4 d6 4. d4 cxd4 5. Nxd4 Nf6 6. Nc3 Nc6 7. Be2 Be7 8. 0-0 0-0 9. Be3 Qc7 10. Rc1 Qb8 11. f3 Rd8 12. Qb3 Bd7 13. Rfd1 b6 14. Ndb5 Be8 15. Rd2 a6 16. Na3 Nd7 17. Qd1 Ra7 18. Nc2 Nf6 19. Rb1 Ne5 20. f4 Ng6 21. Nd4 Nf8 22. b4 Rc7 23. Qb3 Rdc8 24. b5 a5 25. Bf3 Rxc4 26. Nc6 Bxc6 27. Qxc4 Bxe4 28. Qxc8 Qxc8 29. Nxe4 Nxe4 30. Bxe4 d5 31. Rc2 Qd8 32. Bf3 Nd7 33. Kf2 Bc5 34. Bxc5 Qc7 35. Rbc1 Nxc5 36. Ke3 g6 37. g3 Qd7 38. Rxc5 bxc5 39. Rxc5 Qa7 40. Kd4 Kf8 41. Bxd5 exd5 42. Kxd5 Qd7+ 43. Kc4 Qe6+ 44. Rd5 Qe2+ 45. Kc5 Qc2+ 46. Kd6 Qxa2 47. b6 Qb3 48. Kc6 Qc4+ 49. Rc5 Qe4+ 50. Kc7 Qe7+ 51. Kc6 Qe8+ 52. Kb7 Qd7+ 53. Rc7 Qd5+ 54. Kb8 a4 55. Ra7 a3 56. Kc7 Qc5+ 57. Kb7 a2 58. Ra6 Qd4 59. Kc8 Qc3+ 60. Kb8 a1Q 61. Rxa1 Qxa1 62. b7 Ke7 63. Kc7 Qa5+ 64. Kc6 Qd8 65. h3 Qb8 66. h4 h5 67. Kb6 Kd6 68. f5 Qd8+ 69. Ka7 Qa5+ 70. Kb8 Kc6 0-1

[Event "Zalakaros op 29th"]
[Site "Zalakaros"]
[Date "2010.05.29"]
[Round "4"]
[White "Makk, Robert"]
[Black "Greeff, Melissa"]
[Result "1/2-1/2"]
[WhiteElo "2222"]
[BlackElo "2075"]
[PlyCount "70"]
[EventDate "2010.05.26"]
[EventType "swiss"]
[EventRounds "9"]
[EventCountry "HUN"]
[SourceTitle "CBM 136 Extra"]
[Source "ChessBase"]
[SourceDate "2010.07.02"]
[SourceVersion "2"]
[SourceVersionDate "2010.07.15"]
[SourceQuality "1"]

1. e4 c5 2. Nf3 e6 3. d4 cxd4 4. Nxd4 a6 5. Bd3 Nc6 6. Nxc6 dxc6 7. 0-0 e5 8. Nd2 Nf6 9. Nc4 Qc7 10. Bg5 Be7 11. f4 Bc5+ 12. Kh1 Ng4 13. Be2 Ne3 14. Nxe3 Bxe3 15. Bc4 0-0 16. Qf3 Bxf4 17. Bxf4 exf4 18. Qxf4 Qxf4 19. Rxf4 Be6 20. Bd3 Rad8 21. b3 Rd4 22. Raf1 a5 23. Kg1 a4 24. e5 Rfd8 25. Rxd4 Rxd4 26. Rf3 g6 27. Kf2 Kf8 28. Re3 axb3 29. axb3 Ke7 30. h3 c5 31. Ke2 h5 32. Ke1 Rd8 33. Ke2 Bd5 34. Kf2 Ra8 35. g4 hxg4 1/2-1/2

[Event "Zalakaros op 29th"]
[Site "Zalakaros"]
[Date "2010.05.26"]
[Round "1"]
[White "Greeff, Melissa"]
[Black "Rigo, Janos"]
[Result "1-0"]
[WhiteElo "2075"]
[BlackElo "2340"]
[PlyCount "101"]
[EventDate "2010.05.26"]
[EventType "swiss"]
[EventRounds "9"]
[EventCountry "HUN"]
[SourceTitle "CBM 136 Extra"]
[Source "ChessBase"]
[SourceDate "2010.07.02"]
[SourceVersion "2"]
[SourceVersionDate "2010.07.15"]
[SourceQuality "1"]

1. e4 c5 2. Nf3 Nc6 3. Bb5 e6 4. Bxc6 bxc6 5. d3 d6 6. 0-0 e5 7. h3 Ne7 8. c3 Ng6 9. d4 cxd4 10. cxd4 Ba6 11. Re1 Be7 12. Qc2 Rc8 13. Be3 0-0 14. Nc3 Qc7 15. Rac1 Qa5 16. a3 Bc4 17. dxe5 dxe5 18. Na4 Bb5 19. Nc5 Rfe8 20. a4 Bxc5 21. Bxc5 Qxa4 22. b3 Qa5 23. Ra1 Bd3 24. Qc1 Qb5 25. Qc3 Rb8 26. Bxa7 Qxb3 27. Qxc6 Rbc8 28. Qb6 Qxb6 29. Bxb6 Rc4 30. Nd2 Rc2 31. Nf1 Nf4 32. Ng3 g6 33. Rac1 Rxc1 34. Rxc1 Bxe4 35. Nxe4 Rb8 36. Rc6 Nd5 37. Nf6+ Nxf6 38. Rxf6 Kg7 39. Rc6 g5 40. Bc7 Rb5 41. Bd8 h6 42. Bf6+ Kh7 43. Be7 Kg7 44. Kh2 Rd5 45. h4 gxh4 46. Kh3 e4 47. Kxh4 Rf5 48. Bc5 f6 49. Be3 Kg6 50. g4 Rd5 51. Re6 1-0

[Event "Africa-ch U16"]
[Site "Cairo"]
[Date "2010.01.07"]
[Round "9"]
[White "Alnami, Salaheddin"]
[Black "Greeff, Melissa"]
[Result "0-1"]
[WhiteElo "1716"]
[BlackElo "2079"]
[PlyCount "48"]
[EventDate "2009.12.31"]
[EventType "swiss"]
[EventRounds "9"]
[EventCountry "EGY"]
[SourceTitle "CBM 134 Extra"]
[Source "ChessBase"]
[SourceDate "2010.03.03"]
[SourceVersion "1"]
[SourceVersionDate "2010.03.03"]
[SourceQuality "1"]

1. d4 d5 2. Nf3 Nf6 3. c4 c6 4. Nc3 a6 5. e3 b5 6. cxd5 cxd5 7. Qb3 Nc6 8. Ne5 Na5 9. Qc2 Bd7 10. Bd3 e6 11. Qe2 Nc6 12. f4 b4 13. Nb1 Qb6 14. Nd2 a5 15. Ndf3 Bd6 16. 0-0 h6 17. Nxd7 Nxd7 18. Ne5 Ncxe5 19. fxe5 Be7 20. Qf2 0-0 21. e4 Nxe5 22. Bb1 dxe4 23. Bxe4 Rad8 24. Rd1 Ng4 0-1

[Event "Wch U20 Girls"]
[Site "Puerto Madryn"]
[Date "2009.10.27"]
[Round "7"]
[White "Congiu, Mathilde"]
[Black "Greeff, Melissa"]
[Result "1-0"]
[WhiteElo "2149"]
[BlackElo "2081"]
[PlyCount "73"]
[EventDate "2009.10.22"]
[EventType "swiss"]
[EventRounds "13"]
[EventCountry "ARG"]
[SourceTitle "EXT 2010"]
[Source "ChessBase"]
[SourceDate "2010.11.25"]
[SourceVersion "1"]
[SourceVersionDate "2010.11.25"]
[SourceQuality "1"]

1. e4 c5 2. Nf3 d6 3. c3 Nf6 4. Be2 e6 5. 0-0 Nc6 6. d3 Be7 7. Re1 0-0 8. Bf1 a6 9. Nbd2 b5 10. a3 Bb7 11. g3 Rc8 12. Bg2 Qc7 13. h3 Rfd8 14. Nf1 a5 15. g4 a4 16. g5 Nd7 17. h4 Nb6 18. h5 d5 19. g6 d4 20. Bh3 Bf6 21. Ng5 Bxg5 22. Bxg5 Re8 23. gxf7+ Qxf7 24. Ng3 Rf8 25. Rf1 Rce8 26. f4 Nd7 27. f5 e5 28. f6 Nxf6 29. Bxf6 gxf6 30. Nf5 Kh8 31. Kh2 Rd8 32. Rg1 Bc8 33. Rg7 Qe8 34. h6 Rf7 35. Qg4 Ne7 36. Rxf7 Nxf5 37. Rc7 1-0

[Event "Wch U20 Girls"]
[Site "Puerto Madryn"]
[Date "2009.10.23"]
[Round "2"]
[White "Yildiz Kadioglu, Betul Cemre"]
[Black "Greeff, Melissa"]
[Result "1-0"]
[WhiteElo "2224"]
[BlackElo "2081"]
[PlyCount "99"]
[EventDate "2009.10.22"]
[EventType "swiss"]
[EventRounds "13"]
[EventCountry "ARG"]
[SourceTitle "EXT 2010"]
[Source "ChessBase"]
[SourceDate "2010.11.25"]
[SourceVersion "1"]
[SourceVersionDate "2010.11.25"]
[SourceQuality "1"]

1. e4 c5 2. Nf3 d6 3. d4 cxd4 4. Nxd4 Nf6 5. f3 e5 6. Nb3 Be7 7. c4 0-0 8. Be3 a5 9. Be2 a4 10. N3d2 Qa5 11. 0-0 Be6 12. Na3 Nc6 13. Nb5 Bd8 14. Nb1 Bb6 15. Bxb6 Qxb6+ 16. Kh1 Rfd8 17. N1c3 Qa5 18. Qd2 Na7 19. Rfd1 Ne8 20. Qe3 Nxb5 21. Nxb5 Qb4 22. b3 Rac8 23. Rd3 Qc5 24. Qd2 Kf8 25. Rd1 Ke7 26. Qg5+ Kf8 27. Qh4 h6 28. Bf1 f6 29. Qe1 Ke7 30. Qd2 Qb6 31. g3 Rc6 32. Nc3 axb3 33. axb3 Nc7 34. Nd5+ Bxd5 35. exd5 Rc5 36. f4 Na6 37. Qe2 Rc7 38. fxe5 fxe5 39. Qg4 Kf8 40. Rf3+ Kg8 41. Qe6+ Kh8 42. Qg6 e4 43. Qxe4 Nc5 44. Qg6 Re7 45. Bh3 Ne4 46. Rdf1 Nf6 47. Rxf6 gxf6 48. Qxf6+ Rg7 49. Qxh6+ Rh7 50. Rf8+ 1-0

[Event "Africa-ch (Women)"]
[Site "Tripoli"]
[Date "2009.07.28"]
[Round "7"]
[White "Beddar, Karima"]
[Black "Greeff, Melissa"]
[Result "1/2-1/2"]
[WhiteElo "1803"]
[BlackElo "2038"]
[PlyCount "121"]
[EventDate "2009.07.21"]
[EventType "swiss"]
[EventRounds "9"]
[EventCountry "LBY"]
[SourceTitle "CBM 131 Extra"]
[Source "ChessBase"]
[SourceDate "2009.09.03"]
[SourceVersion "2"]
[SourceVersionDate "2009.09.16"]
[SourceQuality "1"]

1. d4 d5 2. c4 c6 3. Nf3 Nf6 4. Nc3 dxc4 5. a4 Bf5 6. e3 e6 7. Bxc4 Bb4 8. Qb3 a5 9. 0-0 Qe7 10. Ne5 0-0 11. f3 Nbd7 12. e4 Bg6 13. Nxg6 hxg6 14. Bg5 e5 15. Be3 exd4 16. Bxd4 Ne5 17. Rfd1 Bc5 18. Kh1 Nh5 19. Ne2 Bd6 20. Be3 Nxc4 21. Qxc4 Nf6 22. Nf4 Bxf4 23. Bxf4 Rfd8 24. Qc3 Nd7 25. Bc7 Rdc8 26. Bxa5 b6 27. Qd2 Rd8 28. Bb4 c5 29. Bc3 Ne5 30. Qe2 Rxd1+ 31. Rxd1 Rxa4 32. Qb5 Ra8 33. Qxb6 Nd3 34. Kg1 Nf4 35. Be1 Ne2+ 36. Kf1 Nf4 37. Bg3 g5 38. h4 c4 39. hxg5 Qxg5 40. Bxf4 Qxf4 41. Rd8+ Rxd8 42. Qxd8+ Kh7 43. Qd4 Qc1+ 44. Kf2 Qc2+ 45. Kg3 Qa4 46. f4 Qc6 47. Kf2 Qc7 48. g3 Kg8 49. Ke3 Qb7 50. e5 Qg2 51. Qxc4 Qxb2 52. Qc8+ Kh7 53. Qf5+ Kg8 54. Kf3 Qb3+ 55. Kg4 Qd1+ 56. Kh4 Qh1+ 57. Kg5 Qh6+ 58. Kg4 Qc6 59. Qh5 Qd5 60. Kh4 Qh1+ 61. Kg5 1/2-1/2